000 00722nam a22002177a 4500
003 UA-OsUOA
001 104328
007 ta
008 20131212b un ||||| |||| 00| 0 ukr d
090 _a821.161.2
_bП35
942 _cBK
040 _aUA-OsUOA
_bukr
_cUA-OsUOA
_dUA-OsUOA
245 _aПисьменники Радянської України 1917 - 1987
_bбібліографічний довідник
_cавт.-упор. В. К. Коваль, В. П. Павловська
300 _a719 с.
955 _a3
041 _aukr
080 _a821.161.2
260 _aК.
_bРад. письменник
_c1988
650 7 _a82 Література. Літературознавство
_2UDC
999 _c389715
_d389715